[Event "CZE-ch Open 2018"]
[Site "Ostrava"]
[Date "2018.05.01"]
[Round "4"]
[White "Lechtynsky, Jiri"]
[Black "Stocek, Jiri"]
[Result "0-1"]
[WhiteElo "2349"]
[BlackElo "2568"]
[Annotator "TA"]
[PlyCount "76"]
[EventDate "2018.??.??"]
[EventCountry "CZE"]
[SourceTitle "playchess.com"]
[Source "ChessBase"]
[SourceQuality "1"]

{[%evp 15,76,8,31,0,6,0,0,0,16,-25,-5,-10,0,0,0,-25,-31,-29,0,0,0,-35,-45,-50,-47,-62,-35,-50,-1,-14,0,0,0,0,26,-81,-78,-85,-96,-89,-89,-83,-61,-60,-52,-86,-86,-100,-100,-100,-100,-46,-41,-1622,-459,-426,-437,-29985,-850,-29991,-29992,-29997,-29998]} 1. d4 Nf6 2. Nf3 e6 3. c4 b6 4. e3 Bb7 5. Bd3 Bb4+ 6. Bd2 a5 7. O-O O-O 8. Nc3 d6 {LiveBook: 27 Games. E11: Bogo-Indian} 9. b3 (9. Qe2 Bxc3 10. Bxc3 Be4 11. Nd2 Bxd3 12. Qxd3 Nbd7 13. e4 e5 14. Rfe1 Nh5 15. Nf1 Qg5 16. Rad1 {½-½ (71) Eljanov,P (2712)-Moiseenko,A (2679) Kiev 2011}) 9... e5 $146 ({Predecessor:} 9... Nbd7 10. a3 Bxc3 11. Bxc3 Ne4 12. Bb2 Qe7 13. Nd2 Nxd2 14. Qxd2 e5 15. d5 c6 16. e4 cxd5 17. cxd5 {½-½ (35) Lagno,K (2499)-Timman,J (2591) Marianske Lazne 2009}) 10. d5 Nbd7 {Threatens to win with ...Bxc3.The position is equal.} 11. Bc2 Qe7 12. Ne2 c6 13. e4 Bxd2 14. Qxd2 cxd5 15. exd5 b5 $1 16. Ng3 Rfb8 17. Nf5 Qf8 18. Ne3 Ba6 19. Nh4 g6 20. f4 bxc4 21. bxc4 Re8 22. fxe5 Rxe5 23. Nf3 Re7 24. Rae1 Rae8 {[%cal Ba8e8,Be8e3,Be3c3][%mdl 32]} 25. Qxa5 (25. Ba4 $11) 25... Rxe3 $17 26. Rxe3 Rxe3 27. Qxa6 Rc3 $1 {[%cal Rc3c2]} 28. Bb3 Ne4 {[%mdl 1024] aiming for ...Qh6. Black has strong compensation.} 29. Qa7 $1 {[%cal Ra7d7]} Ndc5 {...Qh6 is the strong threat.} 30. Nd4 Qe8 $1 {And now ...Nd2 would win.} 31. Nb5 {Black must now prevent Nxd6!} Nd2 $1 {[%cal Rd2f1]} 32. Nxd6 {[#]} (32. Nxc3 $2 {loses.} Qe3+ 33. Kh1 Nxf1 $19) 32... Qe3+ $1 33. Kh1 Qf2 $1 $40 {[%cal Rf2f1][%mdl 128] Black attacks.} 34. Qb8+ $2 {[%mdl 8192]} (34. Rxf2 $2 Rc1+ 35. Bd1 Rxd1+ 36. Rf1 Rxf1#) ({White should play} 34. Ra1 $15) 34... Kg7 $19 {[%cal Rf2f1]} 35. Rg1 {[#]} (35. Rxf2 $2 {leads to mate.} Rc1+ 36. Bd1 Rxd1+ 37. Rf1 Rxf1#) 35... Nd3 $1 {( -> ...Qxg1+!)} 36. h3 (36. Bd1 $19 Qe3 37. Nf5+ (37. g3 $2 Nf2+ 38. Kg2 Nxd1 $19) 37... gxf5 38. Qg3+ Qxg3 39. hxg3) 36... Nf4 (36... Qh4 $142 37. Ne8+ Kh6 38. Rb1 Nf2+ 39. Kh2 Ng4+ 40. Kg1 Qf2+ 41. Kh1 Nxb1 42. Qf4+ Qxf4 43. hxg4 Rc1+ 44. Bd1 Rxd1#) 37. Ne8+ Kh6 38. Nf6 {[#]} Rxh3+ $1 {[%mdl 512] Precision: White = 40%, Black = 61%.} 0-1

[Event "CZE-ch Open 2018"]
[Site "Ostrava"]
[Date "2018.05.01"]
[Round "4"]
[White "Rubes, Jan"]
[Black "Cernousek, Lukas"]
[Result "0-1"]
[WhiteElo "2337"]
[BlackElo "2464"]
[Annotator "TA"]
[PlyCount "134"]
[EventDate "2018.??.??"]
[EventCountry "CZE"]
[SourceTitle "playchess.com"]
[Source "ChessBase"]
[SourceQuality "1"]

{[%evp 26,134,0,0,0,0,0,-14,-15,0,106,84,69,27,9,17,34,28,29,0,0,-10,102,0,19,-98,-98,-100,0,-136,-145,-156,-168,-170,-176,-170,-131,-308,-325,-355,-252,-260,-253,-344,-354,-328,-342,-345,-288,-371,-80,-444,-437,-622,-406,-432,-431,-600,-575,-583,-580,-666,-611,-744,-731,-789,-808,-731,-698,-958,-944,-933,-965,-1058,-977,-885,-873,-5022,-1242,-1164,-1057,-4606,-4918,-29980,-29974,-12425,0,-5397,0,-12425,-29962,-29985,-29977,-29992,-29989,-29989,-29990,-29990,0,-29989,0,-29990,-29991,-29991,-29984,-29990,0,-29991,-29992,-29992,-29979]} 1. e4 c5 2. Nf3 d6 3. d4 Nf6 4. Nc3 cxd4 5. Nxd4 a6 6. Bg5 e6 7. f4 Nbd7 8. Qf3 Qc7 9. O-O-O b5 10. Bd3 Bb7 11. Rhe1 Be7 12. Qg3 h6 {B99: Sicilian Najdorf: 6 Bg5 e6 7 f4 Be7 8 Qf3 Qc7 9 0-0-0 Nbd7} (12... b4 13. Nd5 exd5 14. exd5 Kd8 15. Nc6+ Bxc6 16. dxc6 Nc5 17. Bh4 Rg8 18. Bxh7 Rh8 19. Qxg7 Rxh7 20. Qxf6 Rxh4 21. Qxf7 Rh8 22. Re5 {½-½ (34) Wang,H (2733)-Dominguez Perez,L (2730) Sochi 2012}) 13. Bh4 g5 14. fxg5 {LiveBook: 5 Games} Nh5 {The position is equal.} 15. Qe3 Qc5 {[#]} 16. Nd5 $146 ({Predecessor:} 16. Kb1 hxg5 17. Bf2 Nf4 18. Bf1 Ne5 19. Qd2 {1-0 (30) Zugrav,W (2580)-Rohde,W (2601) ICCF email 2006}) 16... exd5 17. exd5 {[%csl Ge1][%cal Re3e7] [#]} O-O-O (17... Ne5 $11) 18. Qxe7 $16 Qxd4 19. gxh6 Qf4+ $1 20. Kb1 {Threatens to win with Bg5.} Qxh6 21. Bg5 Qf8 $1 22. Qe2 Re8 23. Qf2 Qg7 {[#]} (23... Rxe1 $11 24. Rxe1 f6) 24. Bd2 ({White must play} 24. Be7 $1 $16 Kb8 25. Bf5 (25. Bxd6+ Ka8 $14)) 24... Nhf6 (24... Bxd5 $6 25. Qa7 $16) 25. a4 (25. Bf5 $11 Kb8 26. Bb4) 25... Rxe1 $17 ({Of course not} 25... bxa4 $6 26. Bc3 $14) ({Not} 25... Rxh2 26. Rxe8+ Nxe8 27. Bf5 $11) 26. Rxe1 Rxh2 ({Black should play} 26... Nxd5 $17 27. axb5 axb5) 27. Bf1 (27. Bf5 $11 {was the only way to keep the balance.} Kb8 28. Qf4 Qxg2 29. Qxd6+ Ka8 30. Bxd7 Qxd2 31. Qf8+ Ka7 32. Qc5+ Ka8 33. Qf8+ Ka7 34. Qc5+ Ka8 35. Qf8+) 27... Rh5 28. axb5 axb5 ({Don't do} 28... Bxd5 29. Qd4 $15) 29. Bxb5 Rxd5 30. Bc4 Rc5 31. Bf1 $2 (31. Qd4 $17 {was necessary.}) 31... Ne4 $19 32. Qf4 Qe5 33. Bd3 {[%cal Rd3e4]} f5 34. Qh6 Nxd2+ 35. Qxd2 Be4 36. Qb4 d5 37. g4 Qb8 $2 (37... fxg4 $19 {White must now prevent ...g3.} 38. Bxe4 Rc4) 38. Qa4 $2 {[%mdl 8192]} (38. Qa3 $17 {is more resistant.}) 38... Qg3 39. Qb4 (39. Qa6+ $142 Kd8 40. Rd1 Qxg4 41. Re1) 39... Qxg4 {Strongly threatening ...Bxd3.} 40. Qa3 Qg6 41. b4 {Qa8+ is the strong threat.} Rc7 42. Qa8+ Nb8 43. Bxe4 dxe4 44. Rh1 {And now Rh8+ would win.} Rh7 45. Rd1 Qb6 46. c3 Rb7 47. Qa2 {Threatening mate with Qg8+.} Rd7 48. Rh1 Kb7 49. Qg8 Qd8 50. Qb3 Nc6 51. b5 Ne5 52. Qa4 Qb6 53. c4 Rc7 54. Qd1 Nd3 55. Qa4 Ne5 56. Qd1 {If only White now had time for Qd5+....} Nd3 {( -> ...Qd4)} 57. Qa4 $1 Qa7 58. Qc2 Qa3 59. b6 Qb4+ 60. Ka1 Qa5+ 61. Kb1 Qb4+ 62. Ka1 Qa5+ 63. Kb1 $1 Qxb6+ 64. Ka1 Qa7+ 65. Kb1 Qb6+ 66. Ka1 Qd4+ 67. Kb1 Qxc4 {Precision: White = 26%, Black = 50%.} 0-1

[Event "CZE-ch Open 2018"]
[Site "Ostrava"]
[Date "2018.05.01"]
[Round "4"]
[White "Obsivac, Josef"]
[Black "Jedlicka, Ales"]
[Result "0-1"]
[WhiteElo "2330"]
[BlackElo "2238"]
[Annotator "TA"]
[PlyCount "129"]
[EventDate "2018.??.??"]
[EventCountry "CZE"]
[SourceTitle "playchess.com"]
[Source "ChessBase"]
[SourceQuality "1"]

{[%evp 27,129,18,23,0,0,0,2,0,69,75,76,68,102,65,86,88,85,87,78,74,293,299,289,295,279,128,135,122,120,135,124,129,122,122,118,0,0,0,0,0,0,6,19,0,0,0,0,0,14,0,0,0,16,0,0,0,0,0,0,0,0,0,0,0,0,-11,-15,-18,0,0,0,-10,-12,-77,-18,-218,-216,-224,-178,-218,-81,-85,-18,-20,-25,-17,0,-10,0,-8,0,-30,-31,-22,-8,-216,-28,-21,8,8,8,8,8,8]} 1. d4 Nf6 2. c4 g6 3. Nf3 Bg7 4. g3 O-O 5. Bg2 d6 6. O-O Nc6 7. Nc3 Bf5 8. d5 Na5 9. Nd2 c5 10. e4 Bd7 11. Qc2 a6 12. Rb1 b5 13. b3 Rb8 14. Bb2 e5 {LiveBook: 50 Games} 15. Rbe1 {E66: King's Indian: Fianchetto: 6...c5 7 0-0 Nc6 8 d5} (15. Ne2 Qe7 16. Bc3 b4 17. Bb2 Nb7 18. Rbe1 Rbe8 19. f4 Ng4 20. Nc1 f6 21. f5 Nh6 22. h4 Nd8 {1-0 (38) Laznicka,V (2703)-Vachier Lagrave,M (2710) San Sebastian 2012}) 15... bxc4 16. bxc4 Nh5 17. Nd1 Bh6 (17... f5 $1 $11) 18. Bc3 $14 Qc7 $146 ({Predecessor:} 18... f5 19. exf5 gxf5 20. Bf3 Ng7 21. Ne3 Nb7 {1-0 (42) Ribli,Z (2595)-Sznapik,A (2405) Warsaw 1979}) 19. Nb2 f5 20. exf5 gxf5 21. Bh3 Nb7 {[#]} 22. f4 $1 {[%mdl 512]} exf4 23. Qd1 Be8 $2 {[#]} (23... Ng7 $16) 24. Rxe8 $1 $18 {[%mdl 512]} Rbxe8 25. Qxh5 Bg7 26. Qg5 (26. Bxg7 $18 Qxg7 27. Bxf5) 26... fxg3 $16 27. hxg3 ({Don't play} 27. Qxg3 f4 $16) 27... Kh8 28. Qxg7+ Qxg7 29. Bxg7+ Kxg7 30. Nd3 ({Not} 30. Rxf5 $2 Re2 $19) 30... Re3 31. Rf3 (31. Nf4 $1 $16 {[%cal Rf4e6]} Nd8 32. Nf3) 31... Rxf3 $11 32. Nxf3 Na5 33. Nd2 Kf6 34. Kf2 Rb8 35. Kf3 Kg5 36. Bf1 h5 37. Be2 Rh8 38. Kf2 Rb8 39. Bd1 Rb7 40. Ba4 h4 41. gxh4+ Kxh4 42. Kf3 {Kf4 is the strong threat.} Kg5 43. Bc2 Rb8 44. Bd1 Rh8 45. Kg3 Kf6 46. Bf3 Nb7 47. Nf4 Rb8 48. Bd1 Nd8 49. Nb3 Nf7 50. Nd3 (50. Na5 $11 {remains equal.}) 50... Ne5 ({Black should try} 50... Ng5 $17) 51. Be2 $2 (51. Nxe5 $11 {and White has nothing to worry.} Kxe5 52. Na5) 51... Nxd3 $1 $19 52. Bxd3 Ke5 53. Kf3 {[#]} Rh8 (53... Rb4 $1 $19 54. Ke3 Ra4) 54. Bf1 $17 Rh2 (54... Kf6 $17) 55. Bg2 $1 $11 Rh4 56. Na5 Kd4 57. Bf1 Rh2 58. Nc6+ Kc3 59. a4 Rh1 60. Kf2 Rh4 61. Nb8 $2 {[#]} (61. Kf3 $11 {and White is okay.}) 61... Rf4+ $2 (61... Kd2 $1 $19 {White must now prevent ...Rf4+.} 62. Nxa6 Rf4+ 63. Kg2 Ke3) 62. Ke1 Kb4 {The position is equal.} 63. Nxa6+ Kxa4 64. Nc7 {Strongly threatening Nb5.} Kb4 65. Nb5 {[%mdl 32768] Precision: White = 45%, Black = 49%. . Loss on Time!?} 0-1

[Event "CZE-ch Open 2018"]
[Site "Ostrava"]
[Date "2018.05.01"]
[Round "4"]
[White "Mrazek, Lumir"]
[Black "Kislinsky, Alexey"]
[Result "0-1"]
[WhiteElo "2327"]
[BlackElo "2509"]
[Annotator "TA"]
[PlyCount "46"]
[EventDate "2018.??.??"]
[EventCountry "CZE"]
[SourceTitle "playchess.com"]
[Source "ChessBase"]
[SourceQuality "1"]

{[%evp 20,46,14,3,46,48,77,82,72,74,116,110,101,95,108,0,0,-2316,-2272,-29968,-29966,-6022,-5918,-29990,-5281,-29997,-29998,-29998,-29999]} 1. e4 c5 2. Nf3 Nc6 3. d4 cxd4 4. Nxd4 g6 5. Nc3 Bg7 6. Be3 Nf6 7. Nxc6 bxc6 8. e5 Ng8 9. f4 Nh6 10. Qd2 O-O {B34: Sicilian: Accelerated Dragon with 5 Nc3: sidelines} (10... d5 11. Bc5 O-O 12. Bd3 f6 13. O-O fxe5 14. fxe5 Nf7 15. Rae1 Nxe5 16. Rxf8+ Qxf8 17. Kh1 Qf6 18. Rf1 {½-½ (29) Abasov,N (2575)-Zvjaginsev,V (2661) Minsk 2017}) 11. O-O-O {LiveBook: 5 Games} Qa5 12. h3 d5 {White is slightly better.} 13. g4 Rb8 14. a3 f6 $146 ({Predecessor:} 14... f5 15. g5 Nf7 16. h4 Rd8 17. Qd4 Rd7 18. Qa4 Qxa4 19. Nxa4 {1-0 (52) Callow,C (2012)-Dunn,C (2005) IECC email 2002}) 15. f5 $1 Nxf5 16. gxf5 Bxf5 17. exf6 (17. Ne4 $16 Qxd2+ 18. Nxd2) 17... Bxf6 $40 {[%mdl 128] Strongly threatening ...Rxb2! White needs to defend precisely.} 18. Bg5 $2 {[%mdl 8192] [#]} (18. Bf4 $11 e5 19. Bh2 (19. Be3 $2 d4 $19)) 18... Rxb2 $1 $19 {[%mdl 512]} 19. Kxb2 Rb8+ 20. Ka2 Bxc3 21. Qc1 Be6 (21... Qa4 $142 22. Rd4 Bxd4 23. Rh2 Rb2+ 24. Qxb2 Bxb2 25. Kxb2 Qd4+ 26. Ka2 Qg1 27. Rd2 Qxg5 28. Rg2 Qe3 29. Bd3 Bxd3 30. cxd3 Qxd3 31. Kb2 Qxh3 32. Rd2 Qe3 33. Rg2 d4 34. Rh2 d3 35. Rh1 Qe2+ 36. Kc3 d2 37. a4 d1=Q 38. Rxd1 Qxd1 39. Kc4 Qd5+ 40. Kc3 h5 41. a5 h4 42. Kc2 h3 43. Kc3 h2 44. a6 h1=Q 45. Kb4 Qc1 46. Ka4 Qb5#) 22. Re1 d4+ 23. Rxe6 Qd5+ {Precision: White = 43%, Black = 32%.} 0-1

[Event "CZE-ch Open 2018"]
[Site "Ostrava"]
[Date "2018.05.01"]
[Round "4"]
[White "Cerveny, Petr"]
[Black "Belunek, Vladimir"]
[Result "1/2-1/2"]
[WhiteElo "2315"]
[BlackElo "2216"]
[Annotator "TA"]
[PlyCount "81"]
[EventDate "2018.??.??"]
[EventCountry "CZE"]
[SourceTitle "playchess.com"]
[Source "ChessBase"]
[SourceQuality "1"]

{[%evp 16,81,20,2,11,0,6,8,2,12,14,-10,18,0,5,0,12,12,16,9,18,0,17,0,35,56,64,8,8,20,45,51,45,46,63,87,181,179,233,232,227,168,148,173,228,226,200,0,105,0,143,147,127,13,14,12,13,0,0,0,0,0,0,0,0,0,0,0]} 1. e4 e5 2. Nf3 Nc6 3. Bb5 a6 4. Ba4 Nf6 5. O-O Be7 6. d3 b5 7. Bb3 d6 8. Bd2 {C84: Closed Ruy Lopez: Unusual White 6th moves} O-O 9. Re1 {LiveBook: 5 Games} Bg4 10. c3 Na5 $146 ({Predecessor:} 10... d5 11. h3 Bh5 12. Qe2 Rb8 13. Bg5 dxe4 14. dxe4 h6 15. Bc1 Bg6 16. Nbd2 Nh5 {1-0 (39) Caruana,F (2784)-Aronian,L (2794) Berlin 2018}) 11. Bc2 c5 12. h3 Bh5 13. Bg5 Nd7 14. Be3 Re8 15. Nbd2 Nf8 16. a3 Ne6 17. b4 Nc6 18. Bb3 Qd7 19. Bd5 cxb4 20. axb4 Nc7 21. Ra3 (21. Bxc6 $14 Qxc6 22. d4) 21... Nxd5 $11 22. exd5 Nb8 23. Nxe5 Qf5 24. Ng4 $36 {[%mdl 2048] aiming for c4. White has some pressure.} Qxd5 25. c4 Bxg4 (25... Qf5 $16) 26. Qxg4 $18 (26. cxd5 Bxd1 27. Rxd1 Nd7 $11) 26... Qc6 (26... f5 $142 27. Qf4 (27. cxd5 fxg4 28. hxg4 Nd7 $16) 27... bxc4) 27. Bd4 {[%csl Gd4][%cal Rg4g7]} g6 28. cxb5 Qxb5 29. Ra5 Qxb4 (29... Qxd3 $142 30. Rxe7 Nc6 31. Rxe8+ Rxe8) 30. Rxe7 $1 {[%cal Re7e8]} Nc6 {[#]} 31. Rxa6 $2 (31. Rxe8+ Rxe8 32. Rd5 Nxd4 $11) ({White must play} 31. Qf3 $1 $18 {[%csl Ge7][%cal Rf3f7]} Rxe7 32. Qxc6) 31... Nxd4 (31... Nxe7 $11 32. Qf3 Rxa6) 32. Qd7 (32. Rxa8 $6 Rxa8 33. Qe4 Rf8 $11) (32. Ne4 $16 Qe1+ 33. Kh2) 32... Qb5 {[#]} (32... Qxd2 $11 {remains equal.} 33. Rxe8+ Kg7 34. Qxd6 (34. Raxa8 Qc1+ 35. Kh2 Qf4+ 36. Kh1 Qc1+ 37. Kh2 Qf4+ 38. Kh1 Qc1+ 39. Kh2 $11) 34... Nf3+ 35. gxf3 Rxe8) 33. Rxa8 $1 $16 ({But not} 33. Rxd6 $6 Rxe7 34. Qxe7 Qxd3 $11) 33... Rxa8 34. Ne4 ({Much weaker is} 34. Qxd6 $6 Qxd3 35. Qf6 Rf8 $11) ({Only move:} 34. Rxf7 $16 {Intending Rg7+ and mate.} Qxd7 35. Rxd7) 34... Qxd7 $11 {The position is equal.} 35. Rxd7 {[%mdl 4096] Endgame KRN-KRN} Ra3 36. Nxd6 {Hoping for Rd8+.} Rxd3 37. g3 Nf3+ 38. Kg2 Ne5 39. Rd8+ Kg7 40. Ne8+ Kf8 41. Rxd3 {Precision: White = 59%, Black = 39%.} 1/2-1/2

[Event "CZE-ch Open 2018"]
[Site "Ostrava"]
[Date "2018.05.01"]
[Round "4"]
[White "Malik, Jan"]
[Black "Svoboda, Svatopluk"]
[Result "0-1"]
[WhiteElo "2284"]
[BlackElo "2401"]
[Annotator "TA"]
[PlyCount "54"]
[EventDate "2018.??.??"]
[EventCountry "CZE"]
[SourceTitle "playchess.com"]
[Source "ChessBase"]
[SourceQuality "1"]

{[%evp 14,54,-2,-17,-6,-13,2,0,26,10,79,10,10,9,11,-33,-18,-81,0,0,0,4,231,-267,-265,-263,-247,-294,-266,-278,-256,-277,-246,-320,-223,-353,-348,-376,-377,-754,-769,-737,-372]} 1. e4 c5 2. c3 d5 3. exd5 Qxd5 4. d4 g6 5. Nf3 Bg7 6. dxc5 Qxc5 7. Be3 Qc7 8. Bb5+ {LiveBook: 6 Games. B06: Modern Defence} (8. Na3 a6 9. Qa4+ Bd7 10. Qf4 Qxf4 11. Bxf4 Bc6 12. Ne5 Nf6 13. Nac4 Nd5 14. Bg3 O-O 15. Rd1 e6 16. Nxc6 Nxc6 {0-1 (51) Kazhgaleyev,M (2570)-Vakhidov,J (2518) Ashkhabad 2017}) 8... Nc6 9. O-O Nh6 $146 ({Predecessor:} 9... Nf6 10. Qe2 O-O 11. Na3 a6 12. Bxc6 Qxc6 13. Qc4 Qxc4 14. Nxc4 Nd5 15. Bd4 f6 {0-1 (40) Janacek,J (2042)-Gregor,J (2295) Prague 2013}) 10. Bd4 {The position is equal.} f6 11. Qb3 a6 (11... e5 $11) 12. Bxc6+ (12. Be2 $16) 12... Qxc6 $11 13. Re1 e5 14. Nbd2 {[%cal Rf3e5]} Be6 $36 {[%mdl 2048] Black is more active.} 15. Qa3 (15. Qb6 $11) 15... Kf7 ({Black should play} 15... Nf5 $17) 16. Bxe5 $1 fxe5 17. Rxe5 Bd5 $2 {[#]} ({Of course not} 17... Kg8 $6 18. Nd4 $16) (17... Bf8 $1 $11 {and Black has nothing to worry.} 18. Ng5+ Kg8 19. Rxe6 Bxa3 20. Rxc6 bxc6 21. bxa3 Nf7) 18. Rae1 $4 {[%mdl 8192]} (18. Qe7+ $1 $18 {was the only winning move.} Kg8 19. Nd4) 18... Rhe8 $19 ({Worse is} 18... Kg8 19. Nd4 $14) 19. Re7+ Rxe7 20. Qxe7+ Kg8 21. c4 Bf7 22. Qg5 Nf5 23. Ne5 Qf6 24. Nxf7 (24. Qxf6 {is the only way for White.} Bxf6 25. Nxf7 Kxf7 26. Ne4) 24... Qxf7 (24... Kxf7 $2 25. Qxf6+ Bxf6 26. Ne4 $19) 25. Ne4 Bxb2 26. g4 $2 (26. Qd2 Bd4 27. c5) 26... Nd4 {[#] Hoping for ...Nf3+.} 27. Nf6+ Qxf6 {Precision: White = 23%, Black = 37%.} 0-1

[Event "CZE-ch Open 2018"]
[Site "Ostrava"]
[Date "2018.05.01"]
[Round "4"]
[White "Freisler, Pavel"]
[Black "Bartos, Jan"]
[Result "1-0"]
[WhiteElo "2266"]
[BlackElo "2198"]
[Annotator "TA"]
[PlyCount "58"]
[EventDate "2018.??.??"]
[EventCountry "CZE"]
[SourceTitle "playchess.com"]
[Source "ChessBase"]
[SourceQuality "1"]

{[%evp 20,58,27,23,35,31,33,36,47,39,77,51,60,56,66,59,54,52,49,42,39,42,44,32,82,53,91,102,89,47,30,31,70,0,3,0,103,108,111,118,421]} 1. Nf3 Nf6 2. c4 b6 3. d4 e6 4. g3 Bb7 5. Bg2 Be7 6. Nc3 Ne4 7. Bd2 O-O 8. O-O Nxd2 9. Qxd2 d6 10. e4 {E18: Queen's Indian: Old Main Line (4 g3 Bb7 5 Bg2 Be7 6 0-0 0-0 7 Nc3)} (10. b4 Nd7 11. Qd3 g6 12. b5 Bf6 13. Rfd1 a6 14. a4 c5 15. bxc6 Bxc6 16. Ne4 Bxe4 17. Qxe4 Qc7 {½-½ (45) Duda,J (2706)-Ponomariov,R (2687) Germany 2018}) 10... Nd7 11. Rad1 {LiveBook: 4 Games} c5 12. d5 {White is slightly better.} exd5 $146 ({Predecessor:} 12... e5 13. Ne1 Bg5 14. f4 Bh6 15. Qc2 exf4 16. gxf4 Re8 17. Nd3 f5 18. exf5 {½-½ (78) Vedral,O (2252)-Balhar,J (2098) Prague 2005}) 13. Nxd5 Bxd5 14. Qxd5 {Hoping for e5.} Nf6 15. Qd3 Qc7 16. Nh4 {[%cal Bf3h4,Bh4f5,Bf5e3,Be3d5][%mdl 32]} Rad8 17. Nf5 Rfe8 18. f4 Bf8 19. Rde1 g6 20. Ne3 Bg7 21. g4 {[%cal Bg3g4,Bg4g5][%mdl 32]} Nd7 22. Nd5 Qb8 23. g5 Bxb2 24. Bh3 Bd4+ 25. Kh1 Bg7 26. Bxd7 (26. Qg3 $14) 26... Rxd7 $11 27. f5 Re5 {[#]} (27... Rb7 $1 $11) 28. Qh3 $1 $16 {[%mdl 1024] White has strong compensation.} Rb7 {next ...b5 is good for Black.} 29. Rf4 {Strongly threatening Rh4.} Qf8 $2 {[%mdl 8192] Precision: White = 64%, Black = 39%.} (29... Qe8 $16) 1-0

[Event "CZE-ch Open 2018"]
[Site "Ostrava"]
[Date "2018.05.01"]
[Round "4"]
[White "Miesbauer, Jan"]
[Black "Vlasak, Lukas"]
[Result "1-0"]
[WhiteElo "2261"]
[BlackElo "2381"]
[Annotator "TA"]
[PlyCount "99"]
[EventDate "2018.??.??"]
[EventCountry "CZE"]
[SourceTitle "playchess.com"]
[Source "ChessBase"]
[SourceQuality "1"]

{[%evp 24,99,22,12,35,20,20,0,3,9,19,18,18,21,67,52,47,52,61,56,52,50,111,101,98,98,101,64,101,101,118,103,116,109,124,116,122,110,137,140,168,159,154,0,155,131,208,196,201,192,293,288,537,517,583,577,568,558,608,591,624,554,622,604,658,568,709,684,717,695,1295,1283,1330,1244,1152,1127,5193,1038]} 1. d4 Nf6 2. c4 e6 3. Nc3 d5 4. cxd5 exd5 5. Bg5 c6 6. e3 Be7 7. Bd3 Nbd7 8. Qc2 h6 9. Bh4 Nh5 10. Bxe7 Qxe7 11. Nge2 Nb6 12. O-O {D36: Queen's Gambit Declined: Exchange Variation: Main line (5 Bg5 c6 6 Qc2)} O-O 13. Rae1 {LiveBook: 7 Games} Bd7 (13... Be6 14. Nc1 Rad8 15. Nb3 Rfe8 16. Nc5 Bc8 17. b4 Nc4 18. Qe2 Qg5 19. f4 Qh4 20. Bxc4 dxc4 {0-1 (37) Navara,D (2724)-Adams,M (2740) Biel 2015}) 14. a3 $146 {White is slightly better.} ({Predecessor:} 14. Qc1 Rae8 15. h3 Qh4 16. Kh2 Nc8 17. Ng1 Qf6 18. g4 Qd6+ 19. Kg2 Nf6 {0-1 (54) Murdzia,P (2449)-Feygin,M (2512) Germany 2014}) 14... Nc8 15. Na4 Nd6 16. Nc5 Rae8 17. b4 Bc8 18. a4 a6 19. b5 axb5 20. axb5 cxb5 21. Nc3 Nf6 22. Nxb5 Nfe4 (22... b6 $14) 23. Nxd6 Nxd6 24. Rb1 Qg5 25. Rb6 Rd8 26. Rfb1 Kh8 27. Qe2 Rfe8 28. Qf3 Re7 29. h3 Rc7 30. Kh2 Kg8 31. g3 Kf8 32. Kg2 Nf5 33. Kh2 {Strongly threatening h4.} Nd6 $1 34. R1b2 Rc6 (34... Kg8 $16 35. Rb1 Be6 36. Nxb7 Nxb7) 35. Rxc6 bxc6 36. Rb6 Bd7 {[#]} (36... Qe7 $142 37. Rxc6 Nb7) 37. Rxc6 $1 $18 {[%mdl 512]} Bxc6 $2 (37... Qe7) 38. Ne6+ $1 {White is clearly winning.} Ke7 39. Nxg5 hxg5 40. Qh5 f6 41. Qh7 Be8 42. Qxg7+ Bf7 43. f4 gxf4 44. exf4 Rb8 45. h4 Rb2+ 46. Kh3 Rd2 47. Bg6 Rxd4 48. h5 Rd1 49. h6 Ke8 50. h7 {Precision: White = 67%, Black = 32%.} (50. Qxf6 $142 Rh1+ 51. Kg4 Rxh6 52. Qe6+ Kd8 53. Qxd6+ Kc8 54. Bf5+ Kb7 55. Qxh6) 1-0

[Event "CZE-ch Open 2018"]
[Site "Ostrava"]
[Date "2018.05.01"]
[Round "4"]
[White "Stepan, Patrik"]
[Black "Kolar, Stanislav"]
[Result "1/2-1/2"]
[WhiteElo "2207"]
[BlackElo "2091"]
[Annotator "TA"]
[PlyCount "100"]
[EventDate "2018.??.??"]
[EventCountry "CZE"]
[SourceTitle "playchess.com"]
[Source "ChessBase"]
[SourceQuality "1"]

{[%evp 16,100,9,16,37,50,49,22,29,23,36,31,43,43,40,34,22,30,45,0,60,37,95,107,105,98,120,82,106,109,106,68,76,69,78,72,76,60,66,26,24,0,0,-18,0,0,0,0,0,0,0,0,0,0,0,0,0,0,0,0,0,0,0,0,0,0,0,0,0,0,0,0,0,0,0,0,0,0,0,0,0,0,0,0,0,0,0]} 1. d4 Nf6 2. c4 e6 3. Nf3 b6 4. g3 Bb7 5. Bg2 Bb4+ 6. Bd2 Qe7 7. O-O O-O 8. a3 Bxd2 9. Qxd2 h6 $146 {E11: Bogo-Indian} ({Predecessor:} 9... d6 10. Nc3 {½-½ (10) Schockenbaeumer,D (2199)-Fecke,A (2183) Germany 2006}) 10. Nc3 d6 11. Qc2 c5 12. e4 cxd4 13. Nxd4 Nc6 14. Nxc6 Bxc6 15. e5 Bxg2 16. exf6 Qb7 17. fxg7 Kxg7 ({Better is} 17... Rfc8 $11) 18. Rfe1 $36 {[%mdl 2048] White has good play.} Rac8 (18... Bh3 $14 19. Qe4 Qxe4 20. Rxe4 Rfd8) 19. Ne4 $16 Bxe4 20. Rxe4 Rc5 21. Rd1 Qe7 22. b4 Rf5 23. Rg4+ Rg5 24. Rgd4 Rd8 $1 25. Qe4 Qc7 26. f4 Rf5 27. g4 Rf6 28. R1d3 Rc8 {The position is equal.} 29. h3 e5 30. fxe5 dxe5 31. Rd7 Qxc4 32. Qxe5 Qc1+ 33. Rd1 Qc3 34. Qxc3 Rxc3 $11 {[%mdl 4096] Endgame KRR-KRR} 35. R1d3 Rf3 36. Rxf3 Rxf3 37. Rxa7 Rxh3 {KR-KR} 38. Kg2 Rb3 39. Ra6 f6 40. Rxb6 {[#] a4 is the strong threat.} Rxa3 41. Rb8 Rb3 42. b5 Kg6 43. b6 {Threatens to win with b7.} Kg5 44. b7 Kf4 45. Kf2 Rb2+ 46. Ke1 {With the idea Kd1.} Rb6 47. Kf2 Rb2+ 48. Ke1 {Threatening Kd1.} Rb3 49. Kf2 {Strongly threatening Ke2.} Rf3+ 50. Kg2 Rb3 {Precision: White = 54%, Black = 74%.} 1/2-1/2